Research in psychology. (Record no. 806)
[ view plain ]
| 000 -LEADER | |
|---|---|
| fixed length control field | 00696nam a22002417a 4500 |
| 008 - FIXED-LENGTH DATA ELEMENTS--GENERAL INFORMATION | |
| fixed length control field | 131110b xxu||||| |||| 00| 0 eng d |
| 020 ## - INTERNATIONAL STANDARD BOOK NUMBER | |
| International Standard Book Number | 81-261-0396-5 |
| 024 ## - OTHER STANDARD IDENTIFIER | |
| Terms of availability | Avaialable |
| 037 ## - SOURCE OF ACQUISITION | |
| Terms of availability | Avaialable |
| 040 ## - CATALOGING SOURCE | |
| Original cataloging agency | MBSTU LIBRARY |
| Modifying agency | MBSTU LIBRARY |
| 082 ## - DEWEY DECIMAL CLASSIFICATION NUMBER | |
| Edition number | 22 |
| Classification number | 150 CHR |
| 100 ## - MAIN ENTRY--PERSONAL NAME | |
| Personal name | Chaturvedi, D.D. |
| 245 ## - TITLE STATEMENT | |
| Title | Research in psychology. |
| 260 ## - PUBLICATION, DISTRIBUTION, ETC. (IMPRINT) | |
| Place of publication, distribution, etc. | New Delhi |
| Name of publisher, distributor, etc. | Anmol Publications. |
| Date of publication, distribution, etc. | 1999 |
| 300 ## - PHYSICAL DESCRIPTION | |
| Extent | 22 cm. |
| Other physical details | 375 page |
| Type of unit | 1 |
| Size of unit | 22 cm. |
| 600 ## - SUBJECT ADDED ENTRY--PERSONAL NAME | |
| Source of heading or term | Psychology. |
| 650 ## - SUBJECT ADDED ENTRY--TOPICAL TERM | |
| Source of heading or term | Psychology. |
| 700 ## - ADDED ENTRY--PERSONAL NAME | |
| Personal name | Chaturvedi, D.D. |
| 270 ## - ADDRESS | |
| Address | New Delhi |
| City | New Delhi |
| Country | USA |
| 365 ## - TRADE PRICE | |
| Price amount | 240.00 |
| Unit of pricing | 240.00 |
| 942 ## - ADDED ENTRY ELEMENTS (KOHA) | |
| Source of classification or shelving scheme | |
| Koha item type | Books |
No items available.
